[Event "London Classic op U1825 11th"]
[Site "London"]
[Date "2019.12.01"]
[Round "4"]
[White "Balasundaram, Sivasatyan"]
[Black "Barua, Dipli"]
[Result "0-1"]
[WhiteElo "1712"]
[BlackElo "1575"]
[PlyCount "130"]
[EventDate "2019.11.29"]
[EventType "swiss"]
[EventRounds "5"]
[EventCountry "ENG"]
[SourceTitle "CBM 195 Extra"]
[Source "ChessBase"]
[SourceDate "2020.05.31"]
[SourceVersion "1"]
[SourceVersionDate "2020.05.31"]
[SourceQuality "1"]

1. d4 Nf6 2. c4 g6 3. Nc3 Bg7 4. e4 d6 5. Nf3 0-0 6. Be2 Nbd7 7. 0-0 e5 8. d5 Nc5 9. Qc2 a6 10. b4 Ncd7 11. Be3 Nh5 12. Nd2 Nf4 13. Nb3 Nf6 14. c5 Ng4 15. Bxg4 Bxg4 16. f3 Bd7 17. Rac1 f5 18. Qd2 Nh5 19. a4 f4 20. Bf2 Qg5 21. cxd6 cxd6 22. Na5 Bh3 23. Bb6 Rf7 24. Na2 Bc8 25. Rc3 Qe7 26. Rfc1 Qe8 27. Rc7 Rf8 28. Nxb7 Bxb7 29. Rxb7 Qxa4 30. Rc6 Rf6 31. Bc7 Bf8 32. Rbb6 Qb3 33. Bxd6 Bxd6 34. Rxd6 Rxd6 35. Rxd6 Qb1+ 36. Kf2 Qh1 37. Nc3 a5 38. b5 Qxh2 39. Ne2 Qh4+ 40. Kf1 Qh1+ 41. Ng1 Ng3+ 42. Kf2 Qh4 43. Qc2 Nxe4+ 44. Kf1 Nxd6 45. Qc7 Qd8 46. Qc6 Rc8 47. Qa6 Rc1+ 48. Kf2 Rb1 49. b6 Qxb6+ 50. Qxb6 Rxb6 51. Ne2 Rb2 52. Ke1 a4 53. Nc3 a3 54. Kd1 Rxg2 55. Kc1 a2 56. Nxa2 Rxa2 57. Kb1 Rf2 58. Kc1 Rxf3 59. Kd2 Ra3 60. Ke2 f3+ 61. Kf2 e4 62. Kg3 Nf5+ 63. Kf2 Ra2+ 64. Ke1 f2+ 65. Kf1 Ne3# 0-1

[Event "London Classic op U1825 11th"]
[Site "London"]
[Date "2019.12.01"]
[Round "5"]
[White "Prince, Alan R"]
[Black "Barua, Dipli"]
[Result "1-0"]
[WhiteElo "1747"]
[BlackElo "1575"]
[PlyCount "57"]
[EventDate "2019.11.29"]
[EventType "swiss"]
[EventRounds "5"]
[EventCountry "ENG"]
[SourceTitle "CBM 195 Extra"]
[Source "ChessBase"]
[SourceDate "2020.05.31"]
[SourceVersion "1"]
[SourceVersionDate "2020.05.31"]
[SourceQuality "1"]

1. Nf3 c5 2. e4 d6 3. d3 Nf6 4. g3 g6 5. Bg2 Bg7 6. 0-0 0-0 7. Nbd2 Nc6 8. Re1 e5 9. c3 Nh5 10. Nf1 Kh8 11. Ne3 Ne7 12. h3 Bd7 13. Kh2 Qc8 14. Nh4 Bf6 15. Nf3 Ng8 16. Bd2 Bd8 17. d4 exd4 18. cxd4 Bf6 19. e5 Bg7 20. Rc1 dxe5 21. Rxc5 Qe8 22. Nxe5 Rc8 23. N3c4 Rxc5 24. dxc5 Qc8 25. Nd6 Bxe5 26. Nxc8 Bxg3+ 27. fxg3 Bxc8 28. Bc3+ Ng7 29. Qd6 1-0